000 00693nam a22002417a 4500
001 65329
003 UA-OsUOA
005 20220107191806.0
007 ta
008 20091123b un ||||| |||| 00| 0 ukr d
020 _a966-02-2525
040 _aUA-OsUOA
_bukr
_cUA-OsUOA
_dUA-OsUOA
041 _aukr
080 _a82.09
090 _a82.09
_bО-65
100 _aЛегка О.
245 _aЖиття - це любов: еротичний роман у віршах Наталі Лівицької-Холодної
260 _aЛьвів
_c2006
300 _a240 с.
650 7 _a82 Література. Літературознавство
_2UDC
942 _cBK
_2udc
955 _a3
999 _c351452
_d351452